000 00680nam a2200217 a 4500
001 1918930
003 AM-YEHGA
005 20250617164718.0
008 230907s1994 ru ||||gr|||||||||0|rus|d
020 _a583500379X
040 _aAM-YeHGA
041 1 _arus
_heng
100 1 _aДжойс, Джеймс
245 1 0 _aУлисс :
_bРоман /
_cДжеймс Джойс ; Пер. с англ. В. Хинкиса, С. Хоружего
260 _aМосква :
_bЗнаменитая книга,
_c1994
300 _a606 с.
650 1 4 _aИрландская литература
700 1 _aХинкис, В.
_eпер.
_4trl
942 _2udc
_cBK
090 _c566707
999 _c528488
_d528488